Fundamentals of graphics communication

Fundamentals of Graphics Communication presents a modern approach to engineering and technical graphics. It covers drawing techniques from both a contemporary, CAD-oriented perspective and a traditional perspective. The engineering design process receives special attention throughout this text, thro...

全面介绍

Đã lưu trong:
书目详细资料
主要作者: Bertolibe, Gary R.
格式: 图书
语言:Undetermined
出版: Boston McGraw-Hill Higher Education 2005
主题:
标签: 添加标签
没有标签, 成为第一个标记此记录!
Thư viện lưu trữ: Trung tâm Học liệu Trường Đại học Cần Thơ
LEADER 01088nam a2200205Ia 4500
001 CTU_126235
008 210402s9999 xx 000 0 und d
020 |c 114.69 
082 |a 604.2 
082 |b B546 
100 |a Bertolibe, Gary R. 
245 0 |a Fundamentals of graphics communication 
245 0 |c Gary R. Bertoline and Eric N. Wiebe ; With contribution from Craig L. Miller , Leonard O. Nasman 
260 |a Boston 
260 |b McGraw-Hill Higher Education 
260 |c 2005 
520 |a Fundamentals of Graphics Communication presents a modern approach to engineering and technical graphics. It covers drawing techniques from both a contemporary, CAD-oriented perspective and a traditional perspective. The engineering design process receives special attention throughout this text, through the use of design case studies, a consistent problem-solving methodology, many real examples taken from industry, and a selection of design problems for the student. 
650 |a Engineering graphics 
904 |i Giang 
980 |a Trung tâm Học liệu Trường Đại học Cần Thơ